000 00393nam a2200157Ia 4500
008 230917s9999||||xx |||||||||||||| ||und||
040 _e124465
_aMAIN
041 _aEnglish
082 _a378 B278G
100 _aGreen, Sharon Weiner
245 0 _aBarron's GRE: Graduate record examination
250 _a17th ed.
260 _aNew Delhi
_bGalgotia
_c2008
300 _a543 p.
942 _cBK
999 _c132692
_d132692